Derecho constitucional comparado

Furkejuvvon:
Bibliográfalaš dieđut
Váldodahkki: De Vergottini, Giuseppe (Dahkki)
Materiálatiipa: Girji
Giella:espánnjágiella
Almmustuhtton: Buenos Aires, Argentina Universidad 2005
Preanttus:1a. ed
Fáttát:
Liŋkkat:Disponible Online - Parte Primera Cap.3 secc.3 / Parte Segunda Cap.1 secc.3- Cap.2. secc.1 y secc.4
Fáddágilkorat: Lasit fáddágilkoriid
Eai fáddágilkorat, Lasit vuosttaš fáddágilkora!

MARC

LEADER 00000cam a2200000 a 4500
001 UCE7283
003 CL-VaPUC
005 20220810144331.0
008 150605e20050000ag |||||||||||||||||spa|d
999 |c 359384  |d 359382 
020 |a 9506793778 
040 |c Pontificia Universidad Católica de Valparaíso 
082 0 4 |a 342 DEV 2005  |2 21 
100 0 |a De Vergottini, Giuseppe  |e author  |9 579968 
245 1 0 |a Derecho constitucional comparado 
250 |a 1a. ed 
260 |a Buenos Aires, Argentina  |b Universidad  |c 2005 
300 |a 1010 páginas  
583 |a last modification  |c 20150605 14:50:00  |k Rodrigo Vera 
650 0 |a Derecho constitucional   |9 222588 
650 0 |a Derecho comparado  |9 255664 
856 |u http://bibliografiadigital.pucv.cl.pucv.idm.oclc.org/index.php/bibliotecapucv/catalog/book/633  |y Disponible Online - Parte Primera Cap.3 secc.3 / Parte Segunda Cap.1 secc.3- Cap.2. secc.1 y secc.4  
942 |c BK  |2 ddc 
945 |d 20150605 14:50:00  |a dcastane 
952 |0 0  |1 0  |3 erb  |4 0  |6 342_000000000000000_DEV_2005  |7 0  |8 A  |9 468546  |a BIBDER  |b BIBDER  |i 516169K  |l 6  |m 3  |o 342 DEV 2005  |p 516169K  |r 2025-03-21  |s 2025-03-19  |w 2019-11-23  |y BK  |z Catalogado en:20150605  |k DER